000 00702nam a2200277 a 4500
003 AR-BaBNM
005 20251128204712.0
008 082120s2002 ||||||||||||||000 | spa||
020 _a950-755-058-5
040 _cAR-BaBNM
100 1 _aBarthe, Raquel M.
245 0 0 _aValentina
260 _aBuenos Aires
_bBraga
_c1992
300 _a63 p.
_bil.
490 0 _aAlas de halcón
_vv. 6
500 _aRecomendado para adolescentes
650 4 _aENSEÑANZA DE LA LECTURA
650 4 _aLIBROS PARA NIÑOS
650 4 _aLITERATURA INFANTIL
650 4 _aADOLESCENTES
650 4 _aLITERATURA POPULAR
653 _aLIBROS DE LECTURA
655 _aLITERATURA
942 _cBK
998 _claura
999 _c8484
_d8484